000 00647nam a2200241Ia 4500
008 160303s9999 xx 000 0 und d
020 _a978-971-23-6007-7
050 _aFIL KPM 1744.5
050 _b.D45 2011 c.2
100 _aDe Leon, Hector S.
245 _aTextbook on the Philippine constitution /
245 _cHector S. De Leon, Hector M. De Leon.
260 _aManila:
260 _bRex Book Store, Inc.,
260 _c2011
300 _a801 pages :
300 _billustrations ;
300 _c22 cm.
650 _aConstitutional law --
650 _aConstitutions --
650 _xPhilippines.
650 _xPhilippines.
999 _c291423
_d291423